FISH GENETICS AND BIODIVERSITY CONSERVATION (Record no. 216087)

MARC details
000 -LEADER
fixed length control field 00415nam a22001577a 4500
008 - FIXED-LENGTH DATA ELEMENTS--GENERAL INFORMATION
fixed length control field 250915b |||||||| |||| 00| 0 eng d
020 ## - INTERNATIONAL STANDARD BOOK NUMBER
International Standard Book Number 979-8-88715-055-0
100 ## - MAIN ENTRY--PERSONAL NAME
Personal name FOSTER EDWARD
245 ## - TITLE STATEMENT
Title FISH GENETICS AND BIODIVERSITY CONSERVATION
260 ## - PUBLICATION, DISTRIBUTION, ETC.
Place of publication, distribution, etc. DUBLIN
Name of publisher, distributor, etc. ORYSON
Date of publication, distribution, etc. 2023
300 ## - PHYSICAL DESCRIPTION
Extent XII,312P.
500 ## - GENERAL NOTE
General note INCLUDES AN INDEX
650 ## - SUBJECT ADDED ENTRY
Topical term or geographic name entry element FISH- GENETICS
942 ## - ADDED ENTRY ELEMENTS (KOHA)
Source of classification or shelving scheme Library of Congress Classification
Koha item type Long Loan Book
Holdings
Withdrawn status Lost status Source of classification or shelving scheme Damaged status Not for loan Collection Home library Current library Shelving location Date acquired Inventory number Total checkouts Full call number Barcode Date last seen Copy number Price effective from Koha item type
    Library of Congress Classification     Science & Technology Kisii University Library Kisii University Library On Display 09/15/2025 109493   SH 171 .F67 2023 000000023852 09/15/2025 C.1 09/15/2025 Long Loan Book
    Library of Congress Classification     Science & Technology Kisii University Library Kisii University Library On Display 09/15/2025 109494   SH 171 .F67 2023 000000023851 09/15/2025 C.2 09/15/2025 Long Loan Book
    Library of Congress Classification     Science & Technology Kisii University Library Kisii University Library On Display 09/15/2025 109495   SH 171 .F67 2023 000000023850 09/15/2025 C.3 09/15/2025 Long Loan Book
    Library of Congress Classification     Science & Technology Kisii University Library Kisii University Library On Display 09/15/2025 109496   SH 171 .F67 2023 000000023843 09/15/2025 C.4 09/15/2025 Long Loan Book